Jasons by Picture - Statistics

General Stats
  • This quiz has been taken 38 times
  • The average score is 9 of 18
Answer Stats
Picture Answer % Correct
Jason Statham
88%
Jason Momoa
73%
Jason Alexander
64%
Jason Bateman
61%
Jason Kelce
61%
Jayson Tatum
58%
Jason Sudeikis
55%
Jason Aldean
52%
Jason Kidd
52%
Jason Voorhees
45%
Jason Derulo
42%
Jason Isaacs
42%
Jason Lee
42%
Jason Segel
42%
Jason Biggs
36%
Jason Schwartzman
18%
Jason Mraz
15%
Jason Mantzoukas
6%
No matching quizzes found
Score Distribution
Percent of People with Each Score
Percentile by Number Answered
Your Score History
You have not taken this quiz